01643nam a2200349 a 4500001001000000003000500010005001700015008004100032010001100073011001100084040000900095090001000104100004700114245021000161260004100371500006000412502007100472590004000543590004000583590004000623650007500663650004900738650006700787650006100854856007000915901000700985942001000992942000601002999001901008952013101027952013501158000113668CHAP20220329144407.0170906s2017 mx sm |||||||spa d a110129 a111101 cCHAP aTesis1 aLópez Salas, Everardo de Jesús913317010aEvaluación de metodologías convencionales para estimar el coeficiente de escurrimiento en dos microcuencas y propuesta de una metodología alternah[En línea]cpor Everardo de Jesús López Salas. aChapingo, Méx. :bEl autor,c2017. aPara ver el contenido del material haga clic en la liga aTesis (Ing. en Irrigación) -- UACH. Departamento de Irrigación aE5765TAJb05c20170906lUCH01h0923 aE5765TAJb05c20170906lUCH01h0923 aE5765TAJb05c20170906lUCH01h110514aCuencas hidrológicasxEscurrimientosxModelos matemáticos.913217614aCuencasxEscurrimientosxMedición.913160214aEscurrimientosxMétodos gráficos en computación.913233114aPrecipitación (Meteorología)xMéxico (Edo.)991354 aFinding aiduhttp://10.13.5.2/tesis/sist113668.pdfzTeclea aquí aBK cTESIS n0 c110129d110129 00104054718TESISaBCbBCd2017-09-06fTESISl0oTesisp113670-10r2019-12-31 00:00:00w2019-12-31yTESISzRecien adquirido 00102local4053708TESISaBCbBCcPA_TESISd2017-09-06fTESISl0oTesisp113670-20r2019-12-31 00:00:00tc.2w2019-12-31yTESIS